[Event "Victoria de Giron Cup tt"]
[Site "Matanzas"]
[Date "2018.10.02"]
[Round "2.2"]
[White "Santander Valle, David A"]
[Black "Catala Matienzo, Ivette"]
[Result "1-0"]
[WhiteElo "2018"]
[BlackElo "2079"]
[PlyCount "81"]
[EventDate "2018.10.02"]
[EventType "team-tourn"]
[EventRounds "9"]
[EventCountry "CUB"]
[SourceTitle "EXT 2021"]
[Source "ChessBase"]
[SourceDate "2020.10.23"]
[SourceVersion "1"]
[SourceVersionDate "2020.10.23"]
[SourceQuality "1"]

1. e4 c5 2. Nf3 e6 3. d4 cxd4 4. Nxd4 Nf6 5. Nc3 Nc6 6. Ndb5 d6 7. Bf4 e5 8. Bg5 a6 9. Na3 b5 10. Bxf6 gxf6 11. Nd5 Bg7 12. c3 f5 13. exf5 Bxf5 14. Nc2 0-0 15. Nce3 Be6 16. Bd3 Qg5 17. h4 Qd8 18. Qh5 f5 19. Bc2 e4 20. Nf4 Qe8 21. Qxe8 Raxe8 22. Nxe6 Rxe6 23. Bb3 Nd8 24. a4 b4 25. cxb4 Bxb2 26. Rb1 Bc3+ 27. Ke2 Kg7 28. Bxe6 Nxe6 29. Rhc1 Be5 30. Nd5 f4 31. Ke1 e3 32. Nc7 Nd4 33. Nxa6 f3 34. gxf3 exf2+ 35. Kf1 Rxf3 36. Nc7 Rh3 37. Nd5 Rh2 38. b5 Bg3 39. b6 Nb3 40. Rxb3 Rh1+ 41. Kg2 1-0

[Event "Capablanca Memorial op 49th"]
[Site "Havana"]
[Date "2014.05.12"]
[Round "5"]
[White "Vega Chirino, Lemay"]
[Black "Catala Matienzo, Ivette"]
[Result "1-0"]
[WhiteElo "2282"]
[BlackElo "2118"]
[PlyCount "131"]
[EventDate "2014.04.08"]
[EventType "swiss"]
[EventRounds "10"]
[EventCountry "CUB"]
[SourceTitle "CBM 160 Extra"]
[Source "ChessBase"]
[SourceDate "2014.07.01"]
[SourceVersion "1"]
[SourceVersionDate "2014.07.01"]
[SourceQuality "1"]

1. e4 c5 2. Nf3 e6 3. d4 cxd4 4. Nxd4 Nf6 5. Nc3 Nc6 6. Ndb5 d6 7. Bf4 e5 8. Bg5 a6 9. Na3 b5 10. Nd5 Be7 11. Bxf6 Bxf6 12. c3 Bg5 13. Nc2 0-0 14. Be2 f5 15. exf5 Bxf5 16. Nce3 Bd7 17. 0-0 Kh8 18. Bd3 g6 19. Be4 Rb8 20. Qd3 Ne7 21. Rad1 Nf5 22. g3 Bh6 23. b3 a5 24. Nc2 Ng7 25. h4 Bg4 26. f3 Bf5 27. Nde3 Rb6 28. Ng4 Bxg4 29. fxg4 Ne6 30. g5 Bg7 31. Ne3 Nc5 32. Qd5 Qc8 33. Rxf8+ Bxf8 34. Bg2 Rb8 35. Qf7 Qd7 36. Rf1 Bg7 37. Qxd7 Nxd7 38. Rf7 Nc5 39. b4 axb4 40. cxb4 Nd3 41. a3 e4 42. Bxe4 Re8 43. Bxd3 Rxe3 44. Bxb5 Rxg3+ 45. Kf1 Rxa3 46. Rd7 Bf8 47. Bc6 Ra6 48. b5 Rb6 49. Kg2 Rb8 50. Kf3 Bg7 51. b6 d5 52. Rxd5 Bc3 53. b7 Rf8+ 54. Kg4 h5+ 55. gxh6 Kh7 56. Bd7 Rb8 57. Bc8 Kxh6 58. Rd6 Kg7 59. Kg5 Be1 60. Rxg6+ Kh7 61. Rd6 Bc3 62. Rd7+ Bg7 63. h5 Kh8 64. Kg6 Bf8 65. Rh7+ Kg8 66. Be6# 1-0

[Event "Capablanca Memorial op 49th"]
[Site "Havana"]
[Date "2014.05.08"]
[Round "1"]
[White "Vigoa Apecheche, Yanira"]
[Black "Catala Matienzo, Ivette"]
[Result "1-0"]
[WhiteElo "2337"]
[BlackElo "2118"]
[PlyCount "51"]
[EventDate "2014.04.08"]
[EventType "swiss"]
[EventRounds "10"]
[EventCountry "CUB"]
[SourceTitle "CBM 160 Extra"]
[Source "ChessBase"]
[SourceDate "2014.07.01"]
[SourceVersion "1"]
[SourceVersionDate "2014.07.01"]
[SourceQuality "1"]

1. d4 Nf6 2. Bg5 Ne4 3. Bf4 e6 4. f3 Nf6 5. e4 c5 6. Nc3 d5 7. exd5 Nxd5 8. Bb5+ Nc6 9. Nxd5 Qxd5 10. Ne2 cxd4 11. Nxd4 Bd7 12. Bxc6 Bxc6 13. Nxc6 Qxc6 14. 0-0 Bc5+ 15. Kh1 0-0 16. Qe2 Bd4 17. c3 Bf6 18. a4 Rfd8 19. a5 Rd5 20. Qe4 Qd7 21. a6 bxa6 22. c4 Bxb2 23. cxd5 exd5 24. Qa4 Qf5 25. Rab1 Bf6 26. Bg3 1-0

[Event "Capablanca Memorial op-A 48th"]
[Site "Havana"]
[Date "2013.04.25"]
[Round "5"]
[White "Catala Matienzo, Ivette"]
[Black "Miranda Llanes, Yerisbel"]
[Result "1-0"]
[WhiteElo "2111"]
[BlackElo "2267"]
[PlyCount "75"]
[EventDate "2013.04.21"]
[EventType "swiss"]
[EventRounds "10"]
[EventCountry "CUB"]
[SourceTitle "CBM 154 Extra"]
[Source "ChessBase"]
[SourceDate "2013.06.25"]
[SourceVersion "2"]
[SourceVersionDate "2013.06.25"]
[SourceQuality "1"]

1. d4 d5 2. Nf3 Nf6 3. e3 e6 4. Bd3 c5 5. b3 Nc6 6. 0-0 Bd6 7. Bb2 0-0 8. c4 cxd4 9. exd4 b6 10. Nbd2 Bb7 11. Ne5 dxc4 12. Ndxc4 Be7 13. Rc1 Nb4 14. Bb1 Rc8 15. Ne3 Nbd5 16. Nxd5 Qxd5 17. f3 Ba6 18. Rf2 Bd6 19. Rfc2 Rcd8 20. Qe1 g6 21. Rc6 Bb7 22. R6c4 b5 23. R4c2 b4 24. Rc4 Qa5 25. Qh4 Kg7 26. d5 Qb6+ 27. Bd4 Bxe5 28. Bxb6 axb6 29. dxe6 fxe6 30. Qf2 Nd5 31. Be4 Bf4 32. Qb2+ Kg8 33. Bxd5 exd5 34. Rxf4 Rxf4 35. Rc7 Rf7 36. Qe5 Rdf8 37. Qe6 Kg7 38. Qxb6 1-0

[Event "Capablanca Memorial op-A 46th"]
[Site "Havana"]
[Date "2011.05.20"]
[Round "9"]
[White "Catala Matienzo, Ivette"]
[Black "Frometa Castillo, Zirka"]
[Result "1-0"]
[WhiteElo "2208"]
[BlackElo "2125"]
[PlyCount "79"]
[EventDate "2011.05.11"]
[EventType "swiss"]
[EventRounds "10"]
[EventCountry "CUB"]
[SourceTitle "CBM 142 Extra"]
[Source "ChessBase"]
[SourceDate "2011.06.27"]
[SourceVersion "1"]
[SourceVersionDate "2011.06.27"]
[SourceQuality "1"]

1. d4 d5 2. Nf3 e6 3. e3 Nf6 4. Bd3 c5 5. b3 Nc6 6. Bb2 Qc7 7. a3 b6 8. 0-0 Bd6 9. c4 dxc4 10. bxc4 Bb7 11. Nc3 a6 12. Na4 Ne7 13. Ne5 Ng6 14. Rb1 Bxe5 15. dxe5 Nd7 16. Qc2 Bc6 17. f4 Rb8 18. Nc3 b5 19. Be4 Ne7 20. cxb5 axb5 21. Rbd1 b4 22. Bxc6 Nxc6 23. Ne4 0-0 24. Ng5 g6 25. Rf3 bxa3 26. Bxa3 Ne7 27. Qf2 h6 28. Ne4 Nd5 29. Qh4 Kg7 30. Ng3 Rb3 31. Bc1 Qd8 32. Qh3 Rh8 33. e4 Rxf3 34. exd5 Nxe5 35. fxe5 Rb3 36. Nh5+ gxh5 37. Qxb3 exd5 38. Rxd5 Qh4 39. Qf3 Rd8 40. Qf6+ 1-0

[Event "CUB-ch (Women)"]
[Site "Ciudad de Holguin"]
[Date "2011.02.02"]
[Round "6"]
[White "Pina Vega, Sulennis"]
[Black "Catala Matienzo, Ivette"]
[Result "1-0"]
[WhiteElo "2325"]
[BlackElo "2171"]
[PlyCount "87"]
[EventDate "2011.01.28"]
[EventType "swiss"]
[EventRounds "9"]
[EventCountry "CUB"]
[EventCategory "1"]
[SourceTitle "EXT 2012"]
[Source "ChessBase"]
[SourceDate "2011.11.24"]
[SourceVersion "1"]
[SourceVersionDate "2011.11.24"]
[SourceQuality "1"]

1. e4 c5 2. Nf3 e6 3. b3 Nc6 4. Bb2 Nf6 5. e5 Nd5 6. c4 Nde7 7. g3 Ng6 8. h4 d6 9. exd6 Qxd6 10. h5 Nge5 11. h6 gxh6 12. Nxe5 Nxe5 13. f4 Bg7 14. fxe5 Bxe5 15. Qc2 Bxg3+ 16. Kd1 e5 17. Qd3 Bg4+ 18. Kc1 Qxd3 19. Bxd3 0-0-0 20. Be4 h5 21. d3 h4 22. Nd2 h5 23. Kc2 f5 24. Bd5 Rhe8 25. Raf1 Rd7 26. Nf3 e4 27. dxe4 fxe4 28. Ne1 e3 29. Bc3 e2 30. Rf6 Rdd8 31. Nd3 h3 32. Be1 h4 33. Nf2 Bd7 34. Ne4 Bxe1 35. Rxe1 h2 36. Nd6+ Kb8 37. Nxe8 Bxe8 38. Rf2 Bg6+ 39. Kd2 Be4 40. Rxh2 Bxd5 41. cxd5 Rxd5+ 42. Kc3 Rd4 43. Rexe2 a5 44. Re5 1-0

[Event "Agosto de Victorias-B 4th"]
[Site "Havana"]
[Date "2010.08.12"]
[Round "10"]
[White "Catala Matienzo, Ivette"]
[Black "Corrales Jimenez, Zenia"]
[Result "1/2-1/2"]
[WhiteElo "2159"]
[BlackElo "2159"]
[PlyCount "82"]
[EventDate "2010.08.02"]
[EventType "tourn"]
[EventRounds "10"]
[EventCountry "CUB"]
[SourceTitle "EXT 2012"]
[Source "ChessBase"]
[SourceDate "2011.11.24"]
[SourceVersion "1"]
[SourceVersionDate "2011.11.24"]
[SourceQuality "1"]

1. e4 c5 2. Nc3 Nc6 3. f4 g6 4. Nf3 Bg7 5. Bb5 Nd4 6. 0-0 Nxb5 7. Nxb5 a6 8. Nc3 d6 9. d3 Nf6 10. Qe1 0-0 11. Qh4 d5 12. Nxd5 Nxd5 13. exd5 Qxd5 14. Qxe7 Bd7 15. Ne5 Ba4 16. Be3 Bxc2 17. Qxc5 Qxc5 18. Bxc5 Bxe5 19. fxe5 Bxd3 20. Bxf8 Bxf1 21. Be7 Bb5 22. Bf6 Rc8 23. Rd1 Kf8 24. Rd2 Ke8 25. Kf2 Bd7 26. Ke3 Rc1 27. Kf4 h6 28. Bg7 Rf1+ 29. Ke3 Bc6 30. Bxh6 Re1+ 31. Kf4 Re4+ 32. Kg5 Rxe5+ 33. Kf6 Rf5+ 34. Kg7 Bd7 35. h4 Be6 36. Bg5 Rd5 37. Rc2 Kd7 38. Bf4 Rd4 39. g3 Rc4 40. Rxc4 Bxc4 41. a3 Ke6 1/2-1/2

[Event "Agosto de Victorias-B 4th"]
[Site "Havana"]
[Date "2010.08.05"]
[Round "4"]
[White "Catala Matienzo, Ivette"]
[Black "Quesada Chow, Ismael Adan"]
[Result "0-1"]
[WhiteElo "2159"]
[BlackElo "2111"]
[PlyCount "146"]
[EventDate "2010.08.02"]
[EventType "tourn"]
[EventRounds "10"]
[EventCountry "CUB"]
[SourceTitle "EXT 2012"]
[Source "ChessBase"]
[SourceDate "2011.11.24"]
[SourceVersion "1"]
[SourceVersionDate "2011.11.24"]
[SourceQuality "1"]

1. d4 Nf6 2. Nf3 g6 3. g3 Bg7 4. Bg2 0-0 5. 0-0 d6 6. Re1 Nbd7 7. e4 e5 8. Nc3 c6 9. a4 Qc7 10. a5 exd4 11. Nxd4 Re8 12. h3 Ne5 13. Ra4 Rb8 14. Be3 b5 15. axb6 axb6 16. f4 b5 17. fxe5 dxe5 18. Ndxb5 cxb5 19. Ra7 Qc4 20. Qd6 Bb7 21. Rd1 b4 22. Bf1 Qc8 23. Qxb4 Ba6 24. Bxa6 Qxh3 25. Qc5 Bf8 26. Qc4 Qxg3+ 27. Kf1 Qf3+ 28. Bf2 Ng4 29. Qe2 Qxf2+ 30. Qxf2 Nxf2 31. Rb1 Bb4 32. Nd5 Nxe4 33. Kg2 Red8 34. Bc4 Nd6 35. Bb3 Bc5 36. Ra5 Ne4 37. Re1 Rxb3 38. Rxe4 Rxd5 39. cxb3 Rd2+ 40. Kf3 Bd4 41. b4 Rxb2 42. b5 h5 43. Re2 Rb3+ 44. Kg2 h4 45. Rea2 Kg7 46. R2a3 Rb2+ 47. Kh3 g5 48. Kg4 Kg6 49. Ra6+ f6 50. Ra2 Rxb5 51. Rd6 Rb3 52. Rg2 Ra3 53. Re6 Re3 54. Rd6 Re4+ 55. Kh3 Rf4 56. Rc2 g4+ 57. Kxh4 Bf2+ 58. Rxf2 Rxf2 59. Kxg4 Rf4+ 60. Kg3 Kf5 61. Ra6 Rb4 62. Rc6 Rb3+ 63. Kh4 e4 64. Rc5+ Kf4 65. Rc1 f5 66. Rf1+ Rf3 67. Ra1 Rf2 68. Kh3 Kf3 69. Ra5 f4 70. Ra3+ e3 71. Rb3 Ra2 72. Rc3 Ra7 73. Kh2 Kf2 0-1

[Event "Agosto de Victorias-B 4th"]
[Site "Havana"]
[Date "2010.08.04"]
[Round "3"]
[White "Catala Matienzo, Ivette"]
[Black "Rivero, Carlos"]
[Result "1-0"]
[WhiteElo "2159"]
[BlackElo "2044"]
[PlyCount "59"]
[EventDate "2010.08.02"]
[EventType "tourn"]
[EventRounds "10"]
[EventCountry "CUB"]
[SourceTitle "EXT 2012"]
[Source "ChessBase"]
[SourceDate "2011.11.24"]
[SourceVersion "1"]
[SourceVersionDate "2011.11.24"]
[SourceQuality "1"]

1. d4 Nf6 2. Nf3 g6 3. g3 d6 4. Bg2 Bg7 5. 0-0 0-0 6. Re1 c5 7. Nc3 Na6 8. h3 Rb8 9. a4 Nb4 10. e4 Nd7 11. e5 cxd4 12. exd6 e5 13. Ne4 f5 14. Neg5 Qf6 15. c3 Nc6 16. Qb3+ Kh8 17. Ne6 Re8 18. Nexd4 Nxd4 19. cxd4 e4 20. Ng5 h6 21. Nf7+ Kh7 22. Ne5 Nxe5 23. dxe5 Qxe5 24. Rd1 Be6 25. Qb4 g5 26. Be3 a5 27. Qb6 Qxb2 28. d7 Re7 29. d8Q Rxd8 30. Qxd8 1-0